Čas na zelené verejné financie

Nie príliš známy, no častejšie spomínaný nástroj, ktorý môže štát v boji s klimatickými zmenami využiť - zelené rozpočtovanie (green budgeting). Kontrola environmentálnych cieľov v rozpočte. Odporúčania OECD pri zavedení zeleného rozpočtovania. Aplikácia zeleného rozpočtovania na Slovensku.

Gespeichert in:
Bibliographische Detailangaben
1. Verfasser: Mandžák, Peter
Format: Buchkapitel
Sprache:Slowakisch
Schlagworte:
Tags: Tag hinzufügen
Keine Tags, Fügen Sie das erste Tag hinzu!

MARC

LEADER 00000naa a2200000 4500
001 0262838
005 20240502074157.4
041 0 |a slo 
044 |a SK 
245 1 0 |a Čas na zelené verejné financie  |c Peter Mandžák 
520 |a Nie príliš známy, no častejšie spomínaný nástroj, ktorý môže štát v boji s klimatickými zmenami využiť - zelené rozpočtovanie (green budgeting). Kontrola environmentálnych cieľov v rozpočte. Odporúčania OECD pri zavedení zeleného rozpočtovania. Aplikácia zeleného rozpočtovania na Slovensku. 
610 2 0 |a rozpočet štátny 
610 2 0 |a rozpočtovanie 
610 2 0 |a financie verejné 
610 2 0 |a environmentalistika 
610 2 0 |a OECD 
610 2 0 |a ekológia 
610 2 0 |a zmeny klimatické 
100 1 |a Mandžák, Peter